000
00321nam a2200121Ia 4500
008
240624s9999 xx 000 0 und d
041
_a
eng
082
_a
302.35 PAR
100
_a
PARIKH MARGIE
245
_a
ORGANISATIONAL BEHAVIOUR
260
_c
2012
_a
New Delhi
_b
Tata McGraw-Hill
300
_a
xxxvi, , 639 , 23 : p. : cm.
999
_c
28837
_d
28837